000 00285nam a22001337a 4500
008 180928b xxu||||| |||| 00| 0 eng d
020 _a9780538876247
041 _aeng
080 _27 ED
_a330
100 _a52
101 _aKon
245 _aAccouting
_cSkousen.A
942 _2udc
_cBK
999 _c48700
_d48700